Foods that start with A - Statistics

General Stats
  • This quiz has been taken 92 times
  • The average score is 8 of 16
Answer Stats
Picture Answer % Correct
Avocado
99%
Apricot
95%
Asparagus
95%
Apple
88%
Almonds
79%
Artichoke
78%
Anchovies
62%
Aubergine
59%
Allspice
36%
Alfalfa
22%
Abalone
18%
Acorn Squash
14%
Aniseed
11%
Adzuki Beans
4%
Almond Butter
3%
Arrowroot
3%
No matching quizzes found
Score Distribution
Percent of People with Each Score
Percentile by Number Answered
Your Score History
You have not taken this quiz